000 00292nam a2200133 i 4500
001 bg
100 1 _aRUSSEL, Stefan
245 0 _aAntybiotyki /
_cStefan Russel.
260 _aWarszawa,
_c1977.
040 _cBPK
041 _apol
942 _cKS
008 s pl f |000 0 pol
999 _c27032
_d27032
856 _uhttp://koha.tu.koszalin.pl/cgi-bin/koha/opac-detail.pl?biblionumber=27032
_yKatalog online BPK